Concrete technology (Record no. 4023)

000 -LEADER
fixed length control field 00455nam a22001817a 4500
001 - CONTROL NUMBER
control field 4023
003 - CONTROL NUMBER IDENTIFIER
control field BD-DhUET
008 - FIXED-LENGTH DATA ELEMENTS--GENERAL INFORMATION
fixed length control field 141111b xxu||||| |||| 00| 0 eng d
040 ## - CATALOGING SOURCE
Transcribing agency 0
Modifying agency BD-DhUET
082 ## - DEWEY DECIMAL CLASSIFICATION NUMBER
Classification number 620.136
Item number SHE/1982
100 ## - MAIN ENTRY--PERSONAL NAME
Personal name Shetty, M. S.
245 ## - TITLE STATEMENT
Title Concrete technology
Remainder of title theory and practice
250 ## - EDITION STATEMENT
Edition statement 1st ed.
260 ## - PUBLICATION, DISTRIBUTION, ETC. (IMPRINT)
Place of publication, distribution, etc. New Delhi
Name of publisher, distributor, etc. S. Chand
Date of publication, distribution, etc. 1982
300 ## - PHYSICAL DESCRIPTION
Extent xiv, 592p.
Other physical details ill.
650 #0 - SUBJECT ADDED ENTRY--TOPICAL TERM
Topical term or geographic name as entry element Concrete - Engineering
942 ## - ADDED ENTRY ELEMENTS (KOHA)
Koha item type General Book
Holdings
Koha date last seen Date acquired Not for loan Koha normalized classification for sorting Shelving location Location (home branch) Withdrawn status Koha item type Sublocation or collection (holding branch) Koha full call number Koha date last borrowed Koha issues (times borrowed) Damaged status Source of classification or shelving scheme Piece designation (barcode) Price effective from Koha collection Copy number Lost status
2014-12-232014-11-11 620_000000000000000_136SHE1982Circulation sectionCentral Library, BUET General BookCentral Library, BUET620.136/SHE/19822014-11-111  583102014-11-11 2 
2017-06-052014-11-16 620_000000000000000_136SHE1982Circulation sectionCentral Library, BUET General BookCentral Library, BUET620.136/SHE/19822014-11-161  564382014-11-16 1 
2016-09-032014-11-18 620_136000000000000_SHE_1982Circulation sectionCentral Library, BUET General BookCentral Library, BUET620.136/SHE/19822014-11-181  583152014-11-18 3 
2016-08-212014-11-26 620_000000000000000_136SHE1982Circulation sectionCentral Library, BUET General BookCentral Library, BUET620.136/SHE/19822016-03-052  583122014-11-26 4 
2015-02-052015-02-05 620_136000000000000_SHE_1982Circulation sectionCentral Library, BUET General BookCentral Library, BUET620.136/SHE/1982    583112015-02-05Non Fiction5 
2015-06-142015-06-14 620_136000000000000_SHE_1982Reading sectionCentral Library, BUET Reading ItemCentral Library, BUET620.136/SHE/1982    583082015-06-14 6 
2015-06-152015-06-15 620_136000000000000_SHE_1982Reading sectionCentral Library, BUET Reading ItemCentral Library, BUET620.136/SHE/1982    583092015-06-15 7 
2015-06-162015-06-16 620_136000000000000_SHE_1982Reading sectionCentral Library, BUET Reading ItemCentral Library, BUET620.136/SHE/1982    583132015-06-16 8 
2015-06-162015-06-16 620_136000000000000_SHE_1982Reading sectionCentral Library, BUET Reading ItemCentral Library, BUET620.136/SHE/1982    583142015-06-16 9 
2015-06-202015-06-20 620_136000000000000_SHE_1982Reading sectionCentral Library, BUET Reading ItemCentral Library, BUET620.136/SHE/1982    583162015-06-20 10 
2015-06-232015-06-23 620_136000000000000_SHE_1982Reading sectionCentral Library, BUET Reading ItemCentral Library, BUET620.136/SHE/1982    553272015-06-23 11